000
00290 a2200145 4500
020
_a
9788120334953
082
_a
004.43C DEI
245
_a
C how to program
250
_a
5/e
260
_b
PHI
_c
2007
300
_a
xxxii, 1130 p
700
_a
H M Deitel
942
_c
BK
100
_a
Deitel P J
999
_c
11
_d
11